Lei das sociedades por ações do Brasil : Lei nº 6.404 de 15 de dezembro de 1976 (Registro nro. 3414)

Detalles MARC
000 -LEADER
fixed length control field 01879 a2200253 4500
001 - CONTROL NUMBER
control field 41195
005 - DATE AND TIME OF LATEST TRANSACTION
control field 20260407155706.0
008 - FIXED-LENGTH DATA ELEMENTS--GENERAL INFORMATION
fixed length control field 260407a1996 arg spa d
003 - CONTROL NUMBER IDENTIFIER
control field AR-UNSa-BCEJYS
040 ## - CATALOGING SOURCE
Original cataloging agency AR-UNSa-BCEJYS
Language of cataloging spa
Transcribing agency AR-UNSa-BCEJYS
080 ## - UNIVERSAL DECIMAL CLASSIFICATION NUMBER
Universal Decimal Classification number 347.72
Common auxiliary subdivision Sociedades comerciales
020 ## - INTERNATIONAL STANDARD BOOK NUMBER
International Standard Book Number 950-894-054-9
041 ## - LANGUAGE CODE
Language code of text/sound track or separate title spa
100 1# - MAIN ENTRY--PERSONAL NAME
Personal name Calderón, Marta S.
245 10 - TITLE STATEMENT
Title Lei das sociedades por ações do Brasil : Lei nº 6.404 de 15 de dezembro de 1976
Number of part/section of a work Ley de Sociedades por Acciones del Brasil : Ley nº 6404 de 15 de diciembre de 1976
264 #1 - PRODUCTION, PUBLICATION, DISTRIBUTION, MANUFACTURE, AND COPYRIGHT NOTICE
Place of production, publication, distribution, manufacture Buenos Aires :
Name of producer, publisher, distributor, manufacturer AD-HOC
Date of production, publication, distribution, manufacture, or copyright notice 1996
300 ## - PHYSICAL DESCRIPTION
Extent 199 p.
Dimensions 23 cm.
505 ## - FORMATTED CONTENTS NOTE
Formatted contents note Ley 6.404 del 15 de diciembre de 1976: dispone sobre las sociedades por acciones: 1. características y naturaleza de la compañía o sociedad anónima - 2. capital social - 3. acciones - 4. partes beneficiarias - 5. debentures - 6. bonos de suscripción - 7. constitución de la compañía - 8. formalidades complementarias de la constitución - 9. libros sociales - 10. accionistas - 11. asamblea general - 12. consejo de administración y directorio - 13. consejo fiscal - 14. modificación del capital social - 15. ejercicio social y demostraciones financieras - 16. lucros, reservas y dividendos - 17. disolución, liquidación y extinción - 18. transformación, incorporación, fusión y separación - 19. sociedades de economía mixta - 20. sociedades coligadas, controladoras y controladas - 21. grupo de sociedades - 22. consorcio - 23. sociedades en comandita por acciones - 24. plazos de prescripción - 25. disposiciones generales - 26. disposiciones transitorias
590 ## - LOCAL NOTE (RLIN)
Local note niveau_biblio:m niveau_hierar:0
700 1# - ADDED ENTRY--PERSONAL NAME
Personal name Brasil [Leyes, etc.]
700 1# - ADDED ENTRY--PERSONAL NAME
Personal name Favier Dubois, Eduardo Mario (h)
856 41 - ELECTRONIC LOCATION AND ACCESS
Uniform Resource Identifier <a href="https://biblioeco.unsa.edu.ar/pmb/images/libros/L126433.jpg">https://biblioeco.unsa.edu.ar/pmb/images/libros/L126433.jpg</a>
Link text Imagen de portada
Electronic format type image/jpeg
942 ## - ADDED ENTRY ELEMENTS (KOHA)
Koha item type
Existencias
Withdrawn status Lost status Damaged status Not for loan Home library Current library Shelving location Date acquired Total checkouts Full call number Barcode Date last seen Price effective from Koha item type
        Biblioteca Prof. Eusebio Cleto del Rey Biblioteca Prof. Eusebio Cleto del Rey   07/04/2026   347.72 B823 L126433 07/04/2026 07/04/2026 Libro